| 000 | 00745nam a22002417a 4500 | ||
|---|---|---|---|
| 999 |
_c21327 _d21327 |
||
| 003 | AR-CdUCM | ||
| 008 | 190411b ||||| |||| 00| 0 spa d | ||
| 020 | _a9786124764813 | ||
| 040 |
_aMUNICIPALIDAD PROVINCIAL DEL CUSCO _cBIBLIOTECA MUNICIPAL DEL CUSCO |
||
| 082 |
_aSI/985/U46U _bU46U |
||
| 100 |
_aUmeres Cáceres, Javier _944486 |
||
| 245 | _aUkhu Pacha / | ||
| 260 |
_aCusco ; _bUmeres, _c2018. |
||
| 300 |
_a27 Páginas. : _bilustraciones en color ; _c29 cm. |
||
| 440 |
_aGuerreros sagrados. _944487 |
||
| 505 | _aUkhu Pacha creación infierno. | ||
| 650 |
_aLiteratura infantil _9588 |
||
| 650 |
_aHistorietas _910786 |
||
| 650 |
_aHistorieta gráfica _944488 |
||
| 650 |
_aCómic _934241 |
||
| 942 |
_2ddc _cLIBROS |
||
| 945 | _aRoel | ||